عرض عادي عرض مارك
  • National security

دخول Topical Term

عدد التسجيلات المستخدمة: 1

001 - CONTROL NUMBER

  • control field: 14038

003 - CONTROL NUMBER IDENTIFIER

  • control field: AE-AdECS

005 - DATE AND TIME OF LATEST TRANSACTION

  • control field: 20250408132456.0

008 - FIXED-LENGTH DATA ELEMENTS

  • fixed length control field: 250408|| aca||aabn | a|a d

040 ## - CATALOGING SOURCE

  • Original cataloging agency: AE-AdECS
  • Transcribing agency: AE-AdECS

150 ## - HEADING--TOPICAL TERM

  • Topical term or geographic name entry element: National security
  • Geographic subdivision: Pacific Area

670 ## - SOURCE DATA FOUND

  • Source citation: Work cat.: (AE-AdECS)289852: Security cooperation in the Pacific Islands :

أبوظبي، الإمارات العربية المتحدة

reference@ecssr.ae

97124044780 +

حقوق النشر © 2026 مركز الإمارات للدراسات والبحوث الاستراتيجية جميع الحقوق محفوظة